000 00603nam a2200241Ia 4500
003 OSt
005 20221007075322.0
006 a|||||r|||| 00| 0
007 ta
008 221006b |||||||| |||| 00| 0 eng d
024 _a43,344
037 _cTextual
040 _aFLL
_cFLL
_beng
041 _2eng
_aeng
082 _aZwN37, Q0.2
100 _aSingh Bhim
_9424428
245 0 _aPeace mission
260 _aNew Delhi
_bHar-Anand Publication India
_c2010
300 _a439
_ccm.
490 _v2
942 _hZwN37, Q0.2
_cTEXL
_2CC
999 _c1155602
_d1155602